000 01763cam a22003257a 4500
001 14851083
003 OSt
005 20221020101915.0
008 070515t2007 gw a f 001 0 eng d
020 _a9783791338385 (pbk.)
020 _a3791338382 (pbk.)
035 _a(OCoLC)ocn159701547
040 _aUKM
_beng
_erda
_cUKM
_dBAKER
_dYDXCP
_dBTCTA
_dLIQ
_dOHX
_dNLF
_dUPZ
_dOSU
_dCUY
_dDLC
_dEG-ScBUE
082 0 4 _a720.9
_bKUH
_222
100 1 _aKühl, Isabel,
_eauthor.
_95761
245 1 0 _a50 buildings you should know /
_cIsabel Kuhl.
246 3 _aFifty buildings you should know
264 1 _aMunich ;
_aLondon ;
_aNew York :
_bPrestel Verlag,
_c[2007]
264 4 _cc2007
300 _a171 pages :
_billustrations (chiefly color) ;
_c25 cm
500 _aIncludes index.
520 _aThe fifty buildings presented here in chronological order represent the most compelling, intriguing, and awe-inspiring structures from all over the world. Along with the Pyramids of Cheops, the Parthenon, and the Colosseum, readers will learn about other masterpieces such as the Hagia Sophia in Turkey; Cambodia's Temple Complex at Angkor Wat; the Potala Palace in Lhasa; and the Jewish Museum in Berlin. Each entry features full color photographs of the structure along with informative text. From ancient Jordan and Guatemala to modern-day Manhattan and Munich, this world tour of great edifices offers a mini-course in architecture.--From publisher description.
650 7 _aArchitecture
_xHistory.
_2BUEsh
_95762
650 7 _aHistoric buildings
_vGuidebooks.
_2BUEsh
_95763
650 7 _aBuildings
_vGuidebooks.
_2BUEsh
_95764
653 _bENGARC
655 _vReading book
942 _2ddc
_cBB
999 _c11729
_d11729